The path to power / (Record no. 549478)

000 -LEADER
fixed length control field 00991mam a2200193 a 4500
020 ## - INTERNATIONAL STANDARD BOOK NUMBER
International Standard Book Number 0060172703
082 00 - DEWEY DECIMAL CLASSIFICATION NUMBER
Classification number 923.1
Author Mark THA
100 1# - MAIN ENTRY--PERSONAL NAME
Personal name Thatcher, Margaret.
9 (RLIN) 46134
245 14 - TITLE STATEMENT
Title The path to power /
Statement of responsibility, etc. Margaret Thatcher.
250 ## - EDITION STATEMENT
Edition statement 1st ed.
260 ## - PUBLICATION, DISTRIBUTION, ETC.
Place of publication, distribution, etc. New York :
Name of publisher, distributor, etc. HarperCollins,
Date of publication, distribution, etc. 1995.
300 ## - PHYSICAL DESCRIPTION
Extent xiv, 656 p., [40] p. of plates :
Other physical details ill., ports. ;
Dimensions 25 cm.
500 ## - GENERAL NOTE
General note Includes index.
500 ## - GENERAL NOTE
General note Originally published: United Kingdom : HarperCollins U.K.
520 ## - SUMMARY, ETC.
Summary, etc. In The Downing Street Wars, Margaret Thatcher gave her own account of her prime ministership from 1979 to 1990. That book justly became a bestseller all over the world. Now, in The Path to Power, she writes for the first time about her personal life, about the formation of her character and values, and about the training and experiences which led to the 1979 election victory.
526 ## - STUDY PROGRAM INFORMATION NOTE
Program name 0
Interest level 0
Reading level 0
Title point value 923_100000000000000_THA
650 #0 - SUBJECT ADDED ENTRY--TOPICAL TERM
Topical term or geographic name entry element Women prime ministers
Geographic subdivision Great Britain
9 (RLIN) 46135
942 ## - ADDED ENTRY ELEMENTS (KOHA)
Source of classification or shelving scheme
Koha item type Book
Holdings
Withdrawn status Lost status Source of classification or shelving scheme Damaged status Not for loan Permanent Location Current Location Date acquired Total Checkouts Full call number Barcode Date last seen Price effective from Koha item type
          Military College of Engineering (MCE) Military College of Engineering (MCE) 09/25/2014   923.1 THA MCE-44387 09/25/2014 09/25/2014 Book
© 2023 Central Library, National University of Sciences and Technology. All Rights Reserved.